| 000 | 00499cam a2200193ua 4500 | ||
|---|---|---|---|
| 001 | 2330 | ||
| 005 | 20260515113456.0 | ||
| 008 | 110806n ii |||gr||||Z||||||eng | ||
| 040 | _cMAIN | ||
| 082 | _a378 | ||
| 100 |
_aNewman, John henry cardinal, _eAuthor. |
||
| 245 | 1 |
_aIdea of a university _cby John Henry cardinal Newman |
|
| 250 | _a1st. | ||
| 260 |
_aNew york: _bHoltrinehart and winston,966. |
||
| 300 | _a428p:9cm. | ||
| 653 | _aEducation | ||
| 653 | _aIdea of a university | ||
| 942 | _cBK | ||
| 999 |
_c2187 _d2187 |
||